| 000 | 00501nam a2200181Ia 4500 | ||
|---|---|---|---|
| 999 |
_c29142 _d29142 |
||
| 003 | OSt | ||
| 005 | 20201124101812.0 | ||
| 008 | 190216s9999||||xx |||||||||||||| ||und|| | ||
| 020 | _a9788126414765 | ||
| 040 | _coclc | ||
| 082 |
_a894.8123 _bSWA/A |
||
| 100 |
_aSwapna, Roshni _96875 |
||
| 245 | 0 |
_aAroopikalude Nagaram / _cRoshni Swapna |
|
| 260 |
_bDc Books, _a Kottayam: _c2007. |
||
| 300 | _a166p | ||
| 650 | _aNovel | ||
| 942 |
_cBK _2ddc _h894.8123 _iSWA/A _k894.8123 _mSWA/A |
||